| Tag |
First Indicator |
Second Indicator |
Subfields |
| LEADER |
00000cam a2200000 a 4500 |
| 001 |
in00001328362 |
| 005 |
20151005081929.0 |
| 008 |
851028s1982 cs a 000 1 cze d |
| 020 |
|
|
|c Kčs35.00
|
| 035 |
|
|
|a (OCoLC)12726223
|
| 035 |
|
|
|9 AHD4507AM
|
| 040 |
|
|
|a PIT
|c PIT
|d IUL
|d TXA
|d UtOrBLW
|
| 049 |
|
|
|a TXAM
|
| 090 |
|
|
|a PG5039.26.A7
|b M8 1982
|
| 100 |
1 |
|
|a Páral, Vladimír,
|d 1932-
|
| 245 |
1 |
0 |
|a Muka obraznosti /
|c Vladimír Páral.
|
| 250 |
|
|
|a Vyd. 2.
|
| 264 |
|
1 |
|a Praha :
|b Československý spisovatel,
|c 1982.
|
| 300 |
|
|
|a 461 pages :
|b illustrations ;
|c 17 cm.
|
| 336 |
|
|
|a text
|b txt
|2 rdacontent
|
| 337 |
|
|
|a unmediated
|b n
|2 rdamedia
|
| 338 |
|
|
|a volume
|b nc
|2 rdacarrier
|
| 541 |
0 |
|
|a Donated by Peter Walter, October 1996.
|
| 999 |
|
|
|a MARS
|
| 999 |
f |
f |
|s 195f7dad-1462-304f-bca8-828bdcc0401b
|i c89b1374-7729-351c-9507-b0e473ebefcb
|t 0
|
| 952 |
f |
f |
|p ric
|a Texas A&M University
|b Rellis Campus
|c Joint Library Facility
|s JLF
|d Remote Storage
|t 0
|e PG5039.26.A7 M8 1982
|h Library of Congress classification
|i unmediated -- volume
|m A14820626140
|
| 998 |
f |
f |
|a PG5039.26.A7 M8 1982
|t 0
|l Remote Storage
|